Zásobovacia logistiku v podniku bakalárska práca

Guardado en:
Detalles Bibliográficos
Autor principal: Fedáková, Mária
Autor Corporativo: Podnikovohospodárska fakulta EU so sídlom v Košiciach. Katedra marketingu a obchodu
Otros Autores: Urblíková, Daniela
Formato: Libro
Lenguaje:eslovaco
Publicado: Košice 2012
Etiquetas: Agregar Etiqueta
Sin Etiquetas, Sea el primero en etiquetar este registro!

MARC

LEADER 00000nbm a2200000 4500
001 0155517
005 20161109111857.2
041 0 |a slo 
044 |a SK 
245 1 0 |a Zásobovacia logistiku v podniku  |b bakalárska práca  |c Mária Fedáková ; školiteľ: Daniela Urblíková 
264 1 |a Košice  |c 2012 
300 |a 51 s. 
100 1 |a Fedáková, Mária 
700 1 |a Urblíková, Daniela 
710 2 |a Podnikovohospodárska fakulta EU so sídlom v Košiciach. Katedra marketingu a obchodu